Statistics for Top 10 Schalke 04 Starting XI

Click here to take the quiz!

General Stats

  • This quiz has been taken 308 times
  • The average score is 23 of 62

Answer Stats

TeamPlayer% Correct
2006-07, 2007-08, 2009-10Manuel Neuer
90%
2011-12, 2013-14Klaas-Jan Huntelaar
84%
2009-10, 2011-12, 2013-14Jefferson Farfán
74%
2013-14, 2017-18Ralf Fährmann
74%
2009-10, 2011-12, 2013-14Benedikt Höwedes
69%
2013-14Sead Kolašinac
68%
2017-18Naldo
66%
2011-12Raúl
66%
2009-10, 2011-12, 2013-14Joël Matip
65%
2011-12, 2013-14Julian Draxler
65%
2017-18Matija Nastasić
62%
2017-18Amine Harit
59%
2013-14Kevin-Prince Boateng
55%
2007-08, 2009-10Ivan Rakitić
54%
2011-12Christian Fuchs
52%
2017-18Guido Burgstaller
52%
2013-14Max Meyer
52%
2013-14Atsuto Uchida
51%
2017-18Leon Goretzka
51%
2017-18Benjamin Stambouli
50%
2017-18Franco Di Santo
50%
2017-18Daniel Caligiuri
48%
2006-07, 2007-08Halil Altıntop
47%
2005-06, 2006-07, 2007-08, 2009-10Rafinha
47%
2005-06, 2006-07, 2007-08, 2009-10Kevin Kurányi
45%
2011-12Kyriakos
45%
2013-14Roman Neustädter
42%
2000-01, 2001-02, 2004-05Ebbe Sand
41%
2007-08Jermaine Jones
38%
2004-05, 2005-06, 2006-07, 2007-08, 2009-10Marcelo Bordon
35%
2004-05, 2005-06, 2006-07Levan Kobiashvili
31%
2004-05, 2005-06Frank Rost
30%
2017-18Thilo Kehrer
30%
2000-01, 2004-05, 2005-06, 2007-08Gerald Asamoah
29%
2000-01Émile Mpenza
28%
2011-12Lars Unnerstall
28%
2001-02Marc Wilmots
28%
2004-05Aílton Gonçalves
26%
2017-18Bastian Oczipka
25%
2004-05, 2005-06Christian Poulsen
25%
2004-05, 2005-06, 2006-07Lincoln
24%
2004-05, 2005-06, 2006-07Mladen Krstajić
24%
2000-01, 2001-02Oliver Reck
22%
2000-01, 2001-02Tomasz Hajto
20%
2005-06, 2006-07, 2007-08Fabian Ernst
19%
2007-08, 2009-10Heiko Westermann
19%
2000-01, 2001-02Tomasz Wałdoch
19%
2004-05, 2007-08Christian Pander
18%
2011-12Lewis Holtby
18%
2000-01, 2001-02Andreas Möller
17%
2005-06Darío Rodríguez
17%
2000-01Jiří Němec
17%
2011-12Marco Höger
17%
2006-07Peter Løvenkrands
16%
2006-07Zlatan Bajramović
16%
2000-01, 2001-02Jörg Böhme
15%
2000-01, 2001-02Nico Van Kerckhoven
14%
2009-10Lukas Schmitz
13%
2000-01, 2001-02Marco van Hoogdalem
13%
2001-02, 2004-05Niels Oude Kamphuis
12%
2009-10Christoph Moritz
10%
2000-01Radoslav Látal
10%

Score Distribution

Percentile by Number Answered

Percent of People with Each Score

Your Score History

You have not taken this quiz